Abstract and macro photography

Bewaard in:
Bibliografische gegevens
Hoofdauteur: Milburn, Ken
Formaat: Boek
Taal:Undetermined
Gepubliceerd in: Boston, MA Thomson Course Technology PTR 2005
Onderwerpen:
Online toegang:http://lrc.tdmu.edu.vn/opac/search/detail.asp?aID=2&ID=7348
Tags: Voeg label toe
Geen labels, Wees de eerste die dit record labelt!
Thư viện lưu trữ: Trung tâm Học liệu Trường Đại học Thủ Dầu Một
LEADER 00598nam a2200181Ia 4500
001 TDMU_7348
008 210410s9999 xx 000 0 und d
082 |a 775 
090 |b M309 
100 |a Milburn, Ken 
245 0 |a Abstract and macro photography 
260 |a Boston, MA 
260 |b Thomson Course Technology PTR 
260 |c 2005 
300 |a xiii, 289 p. 
650 |a Photography, Abstract; Macrophotography; Photography   |x Digital techniques 
856 |u http://lrc.tdmu.edu.vn/opac/search/detail.asp?aID=2&ID=7348 
980 |a Trung tâm Học liệu Trường Đại học Thủ Dầu Một